|
|
|
|
| LEADER |
00662nam a22001817a 4500 |
| 082 |
|
|
|b PON/N K8
|a 894.M3
|
| 100 |
|
|
|a പൊ൯കുന്നം വ൪ക്കി
|9 276156
|
| 100 |
|
|
|a Ponkunnam Varkky
|9 88721
|
| 240 |
|
|
|a Nalla Avasarangal
|
| 245 |
|
|
|a നല്ല അവസരങ്ങള്
|
| 250 |
|
|
|a 1st
|
| 260 |
|
|
|a Kottayam;
|b National Book Stall;
|c 1968
|
| 300 |
|
|
|a 31p.
|
| 650 |
|
|
|a മലയാളം;
|9 276157
|
| 650 |
|
|
|a Malayalam;
|9 276158
|
| 942 |
|
|
|c BK
|
| 999 |
|
|
|c 49512
|d 49512
|
| 952 |
|
|
|0 0
|1 0
|4 0
|6 894_000000000000000_M3_PON_N_K8
|7 0
|8 FIC
|9 58387
|a MAL
|b MAL
|d 2016-03-05
|e 8681
|g 1.25
|l 0
|o 894.M3 PON/N K8
|p MALT008681A
|r 2016-03-05
|t 1
|w 2016-03-05
|y BK
|